METHODS OF REAL ANALYSIS (Record no. 9487)

MARC details
000 -LEADER
fixed length control field 00413nam a22001577a 4500
003 - CONTROL NUMBER IDENTIFIER
control field SGT
020 ## - INTERNATIONAL STANDARD BOOK NUMBER
International Standard Book Number 9788120417571
082 ## - DEWEY DECIMAL CLASSIFICATION NUMBER
Classification number 517.82, GOL
100 ## - MAIN ENTRY--PERSONAL NAME
Personal name RICHARD R., GOLDBERG
245 ## - TITLE STATEMENT
Title METHODS OF REAL ANALYSIS
260 ## - PUBLICATION, DISTRIBUTION, ETC. (IMPRINT)
Place of publication, distribution, etc NEW DELHI
Name of publisher, distributor, etc OXFORD & IBH
Year of Publication 1970
300 ## - PAGE DESCRIPTION
No. of Pages 359
650 ## - SUBJECT ADDED ENTRY--TOPICAL TERM
Topical term or geographic name as entry element MATHEMATICS
653 ## - KEYWORDS--INDEX TERM
Keyword term SETS AND FUNCTIONS,SEQUENCES OF REAL NUMBERS,LIMITS AND METRIC SPACES
942 ## - ADDED ENTRY ELEMENTS (KOHA)
Source of classification or shelving scheme Dewey Decimal Classification
Koha item type FPS Books
Holdings
Withdrawn status Lost status Source of classification or shelving scheme Damaged status Not for loan Collection code Home library Current library Shelving location Date acquired Vendor Name Cost, normal purchase price SGTU Bill Number Full call number Accession No. (Barcode) Date last seen Bill Date Koha item type
    Dewey Decimal Classification   Not For Loan SCIENCE SGT Science & Social Sciences Library SGT Science & Social Sciences Library Reference Book 05/07/2016 KIRTI PRKASHAN 340.00 SGTU 3151 517.82, GOL PS1197 05/07/2016 10/09/2015 FPS Books